| 000 | 01034nam a2200337Ia 4500 | ||
|---|---|---|---|
| 001 | Z_6907 | ||
| 003 | CHAP | ||
| 008 | 220113s2011 xx 000 0 und d | ||
| 010 | _a170178 | ||
| 020 | _a978-0-521-11626-8 (pasta rustica) | ||
| 040 | _cCHAP | ||
| 082 | _a636.30824 R47 2011 | ||
| 245 |
_aReproduction in sheep / _ceditores D. R. Lindsay y D. T. Pearce |
||
| 260 |
_aNew York (State) : _bCambridge University Press, _c2011 |
||
| 300 | _a403 p. | ||
| 500 | _aPublicación técnica de Australian Wool Corporation | ||
| 503 | _aej.1: consumo \ ej.2: consumo \ ej.3: consumo | ||
| 504 | _aIncluye bibliografía | ||
| 650 |
_aGestación _947801 |
||
| 650 |
_aInseminación artificial \ _958964 |
||
| 650 |
_aOvejas _x _x Reproducción _9140031 |
||
| 650 |
_aTecnologías de reproducción asistidas _9138430 |
||
| 700 |
_a Pearce, D. T., ed. _9140032 |
||
| 700 |
_aLindsay, D. R., ed. _9140033 |
||
| 901 | _a636.30824 R47 2011 | ||
| 902 | _aA | ||
| 910 | _a2011 | ||
| 942 | _c1 | ||
| 942 | _cc1 | ||
| 999 |
_c170178 _d170178 |
||